Tuscan and Genoese Aspirations to Transoceanic Trade (17th Century) /

Many small, early modern European states tried to follow in the footsteps of their bigger neighbours and expand beyond the oceans. Tuscan and Genoese Aspirations to Transoceanic Trade (17th Century) traces the little-known history of two of these states: the Grand Duchy of Tuscany and the Republic o...

وصف كامل

محفوظ في:

المؤلف الرئيسي: Tosco, Giorgio (مؤلف)

التنسيق: كتاب الكتروني

اللغة: English

منشور في: Leiden ; Boston : Brill, 2026.

سلاسل: Early Modern History and Modern History E-Books Online, Collection 2025.
European Expansion and Indigenous Response ; 48.

الموضوعات:

الوصول للمادة أونلاين: Login to view Source

الوسوم: إضافة وسم

لا توجد وسوم, كن أول من يضع وسما على هذه التسجيلة!

رقم الطلب: D410

LEADER 02716nam a22005178i 4500
001 BRILL9789004735101
003 nllekb
005 20251230231210.0
006 m d
007 cr un uuuua
008 250731s2026 gw sb 001 0 eng d
020 |a 9789004735101  |q (electronic book) 
020 |z 9789004735095  |q (print) 
024 7 |a 10.1163/9789004735101  |2 DOI 
035 |z (OCoLC)1519112646 
040 |a NL-LeKB  |c NL-LeKB  |e rda 
041 |a eng 
050 4 |a D410 
072 7 |a HBTQ  |2 bicssc 
072 7 |a POL  |x 042000  |2 bisacsh 
072 7 |a POL  |x 045000  |2 bisacsh 
082 0 4 |a 910.82  |2 23 
100 1 |a Tosco, Giorgio,  |e author. 
245 1 0 |a Tuscan and Genoese Aspirations to Transoceanic Trade (17th Century) /  |c Giorgio Tosco. 
264 1 |a Leiden ;  |a Boston :  |b Brill,  |c 2026. 
264 4 |c ©2026 
300 |a 1 online resource (278 pages) :  |b illustrations. 
336 |a text  |b txt  |2 rdacontent 
337 |a computer  |b c  |2 rdamedia 
338 |a online resource  |2 rdacarrier 
490 1 |a Early Modern History and Modern History E-Books Online, Collection 2025 
490 1 |a European Expansion and Indigenous Response ;  |v 48 
504 |a Includes bibliographical references and index. 
520 |a Many small, early modern European states tried to follow in the footsteps of their bigger neighbours and expand beyond the oceans. Tuscan and Genoese Aspirations to Transoceanic Trade (17th Century) traces the little-known history of two of these states: the Grand Duchy of Tuscany and the Republic of Genoa. These two old and prestigious commercial centres found themselves gradually displaced over the 17th century as the centre of gravity of the European economy moved away from the Mediterranean. In an attempt to combat this, Florentine and Genoese elites collected information and reviewed projects, established joint-stock companies, and sent ships to East Asia and the Americas. While their plans failed, their vicissitudes illustrate the mechanisms that stood behind European expansion overseas, and how its results differed widely from expectations. 
546 |a English 
588 |a Description based on print version record. 
650 0 |a Early Modern History. 
650 0 |a Economic History. 
650 0 |a Global History. 
650 0 |a History. 
776 0 8 |i Print version:  |t Tuscan and Genoese Aspirations to Transoceanic Trade (17th Century).  |d Leiden ; Boston : Brill, 2026.  |z 9789004735095 
830 0 |a Early Modern History and Modern History E-Books Online, Collection 2025. 
830 0 |a European Expansion and Indigenous Response ;  |v 48. 
856 4 |z DOI:   |u http://dx.doi.org/10.1163/9789004735101 
942 |2 lcc  |c EBOOK 
999 |c 61677  |d 61677